000 00790nam a2200253Ia 4500
001 dia_1701
003 CHAP
005 20230615125138.0
008 220117s2001 xx 000 0 und d
010 _a172246
020 _a84-200-0931-8
040 _cCHAP
082 _a658.562 B6Y
100 _aBolton, Anderew
_9151380
245 _aSistema de Gestión de la Calidad en la Industria Alimenticia: Guía para Iso 9001 /
_c2 /
_c por Andrew Bolton
260 _aZaragoza (España) Acribia.
_c2001
300 _a227 p.
500 _aC/e trad. de quality management system for the food industry.
650 _aCalidad control de la
_9147151
901 _a658.562 B6Y
902 _aM
905 _a0000302001 SP 0000000000SP 00
942 _cLIBRO
_2ddc
999 _c172246
_d172246